| 000 | 01439cam a22002174a 4500 | ||
|---|---|---|---|
| 005 | 20250605163949.0 | ||
| 008 | 250528s ||||||||||||||||||||||||d | ||
| 035 | _a15318 | ||
| 020 | _a534932886 | ||
| 040 |
_aGR-AtMCL _bgre _dGR-AtMCL _eAACR2 |
||
| 245 | 1 | _aInternational Marketing Management / Fourth Edition | |
| 250 | _a4th | ||
| 260 |
_bWadsworth Publishing Company, _c1993 |
||
| 300 | _a914 | ||
| 505 | 0 | _aFramework of International Marketing, Aspects of International Marketing, The Field of International Business, International Finance and Accounting, Environment Factors Affecting International Marketing, Perspectives of International Markets, Global Marketplace, International Marketing Decisions, International Pricing Strategy, International Advertising, Export Marketing, Planning and Control, Organization and Control in International Marketing, Index. | |
| 520 | _aFramework of International Marketing, Aspects of International Marketing, The Field of International Business, International Finance and Accounting, Environment Factors Affecting International Marketing, Perspectives of International Markets, Global Marketplace, International Marketing Decisions, International Pricing Strategy, International Advertising, Export Marketing, Planning and Control, Organization and Control in International Marketing, Index. | ||
| 700 | 1 |
_aJain Subhash C _91219 |
|
| 942 | _cBK | ||
| 999 |
_c908 _d908 |
||